000
00305nam a2200133Ia 4500
001
435
008
241024s9999 xx 000 0 und d
082
_a
[*SIN CLASIFICACION*]
100
_a
[*SIN AUTOR*]
245
0
_a
SISALRIL INFORMA
260
_b
Editora Centenario
901
_a
6/16/11
999
_c
11682
_d
11682